000 00636cab a2200217 4500
001 WB3207-57
008 090401t1996 xxu||||| |||| 00| 0 eng d
035 _a(Sirsi) u28186
041 _aeng
245 _aBenefits of Newbury bypass
260 _c1996
350 _a0
490 _aHighways Agency Press Notice
_v(HA 150/96) 9 February 1996, (1)
520 _aOutlines the benefits of the Newbury bypass in terms of traffic noise, traffic volume, and safety.
650 _aA34
650 _aCOST BENEFIT ANALYSIS
650 _aNEWBURY BYPASS
690 _aTRANSPORT AND COMMUNICATIONS
942 _n0
948 _c04/03/1997
999 _c19006
_d19006